000 00921nam a2200253Ia 4500
003 OSt
005 20221005112520.0
006 a|||||r|||| 00| 0
007 ta
008 221004b |||||||| |||| 00| 0 pan d
020 _c250
024 _a17308
037 _b928, 27/03/2015, H.K. Prakashan
_cTextual
040 _aCRL
_cCRL
_bpan
041 _2pan
_apan
082 _aO153,3:g, N6;P7
100 _aਧਾਲੀਵਾਲ, ਬਲਦੇਵ ਸਿੰਘ
245 0 _aਆਧੁਨਿਕ ਪੰਜਾਬੀ ਕਹਾਣੀ
_b ਦ੍ਰਿFਟੀ ਮੂਲਕ ਪਰਿਪੇਖ
260 _aਚੰਡੀਗੜ
_bਲੋਕਗੀਤ ਭਾਰਤ
_c2007
300 _a212ਪੰ
_ccm.
650 _aਪੰਜਾਬੀ ਸਾਹਿਤ
942 _hO153,3:g, N6;P7
_cTEXL
_2cc
999 _c1025125
_d1025125